|
|
|
|
| LEADER |
00000naa a2200000uu 4500 |
| 001 |
vtls010948844 |
| 003 |
SK-MaSNL |
| 005 |
20260302125304.0 |
| 008 |
210905|2000 xo |||||||||||||||||slo| |
| 015 |
|
|
|a SNBRA
|
| 035 |
|
|
|a (urnnbn)urn:nbn:sk:snk:ar-a0bhz5
|
| 035 |
|
|
|a (uuid)ca53a828-f3d7-4c18-afd1-99e87be76690
|
| 035 |
|
|
|a urn:nbn:sk:snk-aaua28
|
| 040 |
|
|
|a SNKBUCL
|b slo
|c SNKBUCL
|e AACR2
|
| 041 |
0 |
|
|a slo
|
| 044 |
|
|
|a xo
|c SK
|
| 100 |
1 |
|
|a Sládek, Augustín
|4 aut
|9 789504
|
| 245 |
1 |
0 |
|a NOVÝ PRÍSTUP K NAVRHOVANIU TECHNOLOGICKÝCH POSTUPOV VÝROBY ODLIATKOV
|c Augustín Sládek, Mária Jančušová
|
| 246 |
3 |
|
|a NEW APPROACH САРР SYSTEMS PRODUCTION OF CASTINGS
|
| 700 |
1 |
|
|a Jančušová, Mária
|4 aut
|9 19285
|
| 773 |
0 |
|
|t Nové smery vo výrobných technológiách 2000
|d Košice : Technická univerzita, 2000, 2000
|g S. 377-380
|z 8070995246
|
| 958 |
|
|
|a OND
|
| 958 |
|
|
|a article11
|
| 958 |
|
|
|a chapter
|
| 999 |
|
|
|c 1292839
|d 1294769
|